[Event "Andorra op 34th"]
[Site "Escaldes"]
[Date "2016.08.03"]
[Round "1"]
[White "Tormo Bas, Gonzalo"]
[Black "Berkovich, Mark A"]
[Result "0-1"]
[WhiteElo "1850"]
[BlackElo "2346"]
[PlyCount "48"]
[EventDate "2016.08.03"]
[EventType "swiss"]
[EventRounds "9"]
[EventCountry "AND"]
[SourceTitle "CBM 173 Extra"]
[Source "ChessBase"]
[SourceDate "2016.08.29"]
[SourceVersion "1"]
[SourceVersionDate "2016.08.29"]
[SourceQuality "1"]

1. d4 Nf6 2. Nf3 b6 3. g3 Bb7 4. Bg2 c5 5. dxc5 bxc5 6. c4 g6 7. b3 Bg7 8. Bb2 0-0 9. 0-0 d6 10. Nc3 Nc6 11. Nd5 Nxd5 12. Bxg7 Ne3 13. fxe3 Kxg7 14. Ne1 a5 15. Qd2 Kg8 16. Rf4 Qc7 17. Bxc6 Qxc6 18. e4 f5 19. Rh4 fxe4 20. Qh6 Rf7 21. e3 d5 22. Ng2 Qf6 23. Rc1 Qf2+ 24. Kh1 Qf1+ 0-1

[Event "Alzira Christmas 5th"]
[Site "Alzira"]
[Date "2015.12.28"]
[Round "2.5"]
[White "Tormo Bas, Gonzalo"]
[Black "Romero Calduch, Sergio"]
[Result "0-1"]
[WhiteElo "1831"]
[BlackElo "2149"]
[PlyCount "44"]
[EventDate "2015.12.28"]
[EventType "swiss"]
[EventRounds "7"]
[EventCountry "ESP"]
[SourceTitle "EXT 2024"]
[Source "ChessBase"]
[SourceDate "2023.10.10"]
[SourceVersion "1"]
[SourceVersionDate "2023.10.10"]
[SourceQuality "1"]

1. d4 Nf6 2. c4 e6 3. Nf3 d5 4. g3 c5 5. cxd5 exd5 6. Bg2 Nc6 7. 0-0 h6 8. Nbd2 c4 9. Re1 Bb4 10. a3 Ba5 11. Qc2 0-0 12. Rd1 Re8 13. e3 Bg4 14. b3 b5 15. bxc4 bxc4 16. Rf1 Bh5 17. Qa4 Rc8 18. Rb1 Bg6 19. Rb7 Bd3 20. Rd1 c3 21. Nb3 Bc2 22. Rf1 Bb6 0-1

[Event "Xeraco Region-ch Preferente"]
[Site "Xeraco"]
[Date "2015.10.03"]
[Round "1.7"]
[White "Morant Gomar, Sergio"]
[Black "Tormo Bas, Gonzalo"]
[Result "1/2-1/2"]
[WhiteElo "1719"]
[BlackElo "1842"]
[PlyCount "72"]
[EventDate "2015.10.03"]
[EventType "swiss"]
[EventRounds "7"]
[EventCountry "ESP"]
[SourceTitle "EXT 2024"]
[Source "ChessBase"]
[SourceDate "2023.10.10"]
[SourceVersion "1"]
[SourceVersionDate "2023.10.10"]
[SourceQuality "1"]

1. c4 Nf6 2. Nc3 g6 3. d4 Bg7 4. e4 d6 5. f3 0-0 6. Be3 e5 7. d5 Nbd7 8. Qd2 Nh5 9. Nge2 f5 10. 0-0-0 f4 11. Bf2 a5 12. Na4 b6 13. Nec3 Nc5 14. Bxc5 bxc5 15. Nb5 Bd7 16. Be2 Bxb5 17. cxb5 Nf6 18. g3 Bh6 19. Kb1 Kg7 20. Qe1 Nd7 21. g4 Bg5 22. h4 Be7 23. g5 Rh8 24. Qg1 h5 25. Qf2 Qb8 26. Bc4 Re8 27. Rd3 Rh8 28. Qd2 Nb6 29. Nxb6 cxb6 30. a4 Qd8 31. Qg2 Rh7 32. Rc3 Qd7 33. Bf1 Rah8 34. Qh2 Qd8 35. Rg1 Re8 36. Bh3 Bf8 1/2-1/2

[Event "Alzira op 4th"]
[Site "Alzira"]
[Date "2014.12.27"]
[Round "2"]
[White "Santandreu Gregori, David"]
[Black "Tormo Bas, Gonzalo"]
[Result "1-0"]
[WhiteElo "1962"]
[BlackElo "1792"]
[PlyCount "169"]
[EventDate "2014.12.27"]
[EventType "swiss"]
[EventRounds "7"]
[EventCountry "ESP"]
[SourceTitle "CBM 164 Extra"]
[Source "ChessBase"]
[SourceDate "2015.03.02"]
[SourceVersion "1"]
[SourceVersionDate "2015.03.02"]
[SourceQuality "1"]

1. d4 Nf6 2. Bg5 Ne4 3. Bf4 d6 4. Nd2 Nf6 5. e3 g6 6. Be2 Bg7 7. h3 Nbd7 8. Ngf3 c5 9. c3 0-0 10. 0-0 cxd4 11. exd4 Nb6 12. Re1 Nbd5 13. Bh2 Nh5 14. Bc4 Ndf4 15. Nf1 b5 16. Bb3 Bb7 17. Ng3 Nf6 18. a3 Qd7 19. Bc2 Nxh3+ 20. gxh3 Qxh3 21. Rxe7 Bd5 22. Bb3 Bxb3 23. Qxb3 h5 24. Qd1 h4 25. Ng5 Qg4 26. Qxg4 Nxg4 27. N3e4 Nxh2 28. Kxh2 d5 29. Nc5 Bf6 30. Re5 Bxe5+ 31. dxe5 f6 32. Nge6 Rf7 33. exf6 Rxf6 34. Kg2 Rc8 35. Rh1 g5 36. f4 gxf4 37. Rxh4 Rc6 38. Rg4+ Kh8 39. Kf3 Rfxe6 40. Nxe6 Rxe6 41. Rxf4 Kg7 42. Rf5 Rf6 43. Kg4 Kg6 44. Rxd5 a6 45. Rd2 Kf7 46. Kg3 Ke7 47. Rf2 Re6 48. Rd2 Rf6 49. Kg2 Rf5 50. Rf2 Re5 51. Kf1 Rh5 52. Rd2 Rh1+ 53. Ke2 Rh3 54. Kd1 Ke6 55. Kc2 a5 56. Kb3 Rh4 57. Rd8 a4+ 58. Ka2 Rh2 59. Rd4 Rh5 60. Rd2 Rc5 61. Kb1 Ke5 62. Kc2 Ke6 63. Rd4 Rh5 64. c4 Rh2+ 65. Kc3 Rh3+ 66. Rd3 Rh5 67. Kb4 bxc4 68. Kxc4 Rh2 69. Kc3 Ke5 70. Rd8 Rh3+ 71. Kc4 Rb3 72. Rd2 Ke6 73. Kc5 Ke5 74. Re2+ Kf5 75. Rc2 Ke5 76. Rc4 Rxb2 77. Rxa4 Rc2+ 78. Kb6 Ra2 79. Ra5+ Kd6 80. a4 Kd7 81. Kb7 Rb2+ 82. Rb5 Rh2 83. a5 Kd6 84. a6 Rh7+ 85. Kb6 1-0

[Event "Provincial-ch Xeraco Preferente"]
[Site "Xeraco"]
[Date "2014.10.25"]
[Round "4.9"]
[White "Tormo Bas, Gonzalo"]
[Black "Morant Gomar, Sergio"]
[Result "1-0"]
[WhiteElo "1792"]
[BlackElo "1709"]
[PlyCount "57"]
[EventDate "2014.09.27"]
[EventType "swiss"]
[EventRounds "7"]
[EventCountry "ESP"]
[SourceTitle "EXT 2024"]
[Source "ChessBase"]
[SourceDate "2023.10.10"]
[SourceVersion "1"]
[SourceVersionDate "2023.10.10"]
[SourceQuality "1"]

1. Nf3 Nf6 2. c4 b6 3. g3 Bb7 4. Bg2 g6 5. Nc3 c5 6. d3 Bg7 7. Bd2 d6 8. Qc1 Na6 9. Bh6 0-0 10. h4 Nc7 11. h5 Nxh5 12. g4 e5 13. gxh5 Qf6 14. Bxg7 Kxg7 15. hxg6 Qxg6 16. Nh4 Qg4 17. Bxb7 Rae8 18. Nf3 Kh8 19. Qh6 Qg7 20. Qh4 Re6 21. 0-0-0 Rg6 22. Rdg1 Ne6 23. Bd5 Nd4 24. Rxg6 fxg6 25. Ng5 h6 26. Nf7+ Rxf7 27. Bxf7 Qxf7 28. Qxh6+ Kg8 29. Qh8# 1-0

[Event "Provincial-ch Gandia Primera"]
[Site "Gandia"]
[Date "2013.10.19"]
[Round "2.3"]
[White "Tormo Bas, Gonzalo"]
[Black "Alandete Picornell, Salvador"]
[Result "1-0"]
[WhiteElo "1678"]
[BlackElo "1845"]
[PlyCount "79"]
[EventDate "2013.10.05"]
[EventType "swiss"]
[EventRounds "7"]
[EventCountry "ESP"]
[SourceTitle "EXT 2024"]
[Source "ChessBase"]
[SourceDate "2023.10.10"]
[SourceVersion "1"]
[SourceVersionDate "2023.10.10"]
[SourceQuality "1"]

1. d4 Nf6 2. c4 g6 3. Nc3 Bg7 4. e4 0-0 5. Be3 d6 6. f3 a5 7. Nge2 Na6 8. Qd2 c5 9. d5 Nc7 10. g4 e6 11. Ng3 Nfe8 12. 0-0-0 a4 13. Bg5 f6 14. Bh6 Qe7 15. Bxg7 Qxg7 16. Be2 Bd7 17. h4 a3 18. b3 exd5 19. exd5 Rb8 20. h5 b5 21. hxg6 hxg6 22. Rh6 b4 23. Nb1 f5 24. Rdh1 Nf6 25. g5 Nh5 26. Nxh5 gxh5 27. R1xh5 f4 28. Bd3 Bf5 29. Rh8+ Qxh8 30. Rxh8+ Kxh8 31. Qh2+ Kg8 32. g6 Kg7 33. Bxf5 Rh8 34. Qxf4 Rh1+ 35. Kc2 Re8 36. Qxd6 Re2+ 37. Nd2 Ne8 38. Qd7+ Kf6 39. Qf7+ Kg5 40. f4+ 1-0

[Event "Provincial-ch Xativa Primera"]
[Site "Xativa"]
[Date "2012.10.20"]
[Round "2"]
[White "Santacatalina Rey, Ricardo"]
[Black "Tormo Bas, Gonzalo"]
[Result "1/2-1/2"]
[WhiteElo "1662"]
[BlackElo "1681"]
[PlyCount "65"]
[EventDate "2012.10.06"]
[EventType "swiss"]
[EventRounds "7"]
[EventCountry "ESP"]
[SourceTitle "EXT 2024"]
[Source "ChessBase"]
[SourceDate "2023.10.10"]
[SourceVersion "1"]
[SourceVersionDate "2023.10.10"]
[SourceQuality "1"]

1. Nf3 Nf6 2. g3 b6 3. Bg2 Bb7 4. 0-0 e6 5. d3 d5 6. Nbd2 Be7 7. b3 c5 8. Bb2 Nc6 9. Re1 0-0 10. e4 d4 11. a4 Qc7 12. Nc4 Rfd8 13. Qe2 a6 14. Red1 b5 15. Ncd2 Nb4 16. Rdc1 Bc6 17. Ne1 bxa4 18. bxa4 a5 19. c3 dxc3 20. Rxc3 Qd7 21. Nc4 Ra6 22. Bf1 Bxa4 23. Rca3 Bb5 24. Rxa5 Bxc4 25. dxc4 Rxa5 26. Rxa5 Qd2 27. Bxf6 Qxe2 28. Bxe2 gxf6 29. Ra7 Bf8 30. Bh5 Nc6 31. Rc7 Ne5 32. f4 Rd7 33. Rxc5 1/2-1/2

[Event "Benidorm Nuevas Generaciones op 7th"]
[Site "Benidorm"]
[Date "2011.12.07"]
[Round "1.5"]
[White "Tormo Bas, Gonzalo"]
[Black "Balague Camps, Marc"]
[Result "0-1"]
[WhiteElo "1617"]
[BlackElo "2090"]
[PlyCount "70"]
[EventDate "2011.12.07"]
[EventType "swiss"]
[EventRounds "7"]
[EventCountry "ESP"]
[SourceTitle "EXT 2015"]
[Source "ChessBase"]
[SourceDate "2014.11.20"]
[SourceVersion "1"]
[SourceVersionDate "2014.11.20"]
[SourceQuality "1"]

1. e4 c5 2. Nf3 e6 3. d4 cxd4 4. Nxd4 Nf6 5. Nc3 Bb4 6. Bd3 d5 7. e5 Nfd7 8. f4 a6 9. Qg4 g6 10. Bd2 Nc6 11. Nb3 Nc5 12. Nxc5 Bxc5 13. Na4 Ba7 14. Qg3 Bd7 15. b3 Rc8 16. Be3 Bxe3 17. Qxe3 Nb4 18. Qd2 Nxd3+ 19. cxd3 Bxa4 20. bxa4 Qb6 21. Ke2 0-0 22. Rab1 Qc6 23. a5 d4 24. Kf2 Qa4 25. Rhc1 Rc3 26. Rxc3 dxc3 27. Qxc3 Qxf4+ 28. Kg1 Qe3+ 29. Kh1 Rd8 30. Rd1 Qe2 31. Qd2 Qxe5 32. Qb4 Rxd3 33. Rc1 Qd6 34. Rc8+ Kg7 35. Qb2+ Qd4 0-1

[Event "Provincial-ch Gandia Primera"]
[Site "Valencia Gandia"]
[Date "2011.11.19"]
[Round "6.1"]
[White "Olivares Ruiz, Pedro"]
[Black "Tormo Bas, Gonzalo"]
[Result "1-0"]
[WhiteElo "1743"]
[BlackElo "1617"]
[PlyCount "87"]
[EventDate "2011.10.01"]
[EventType "swiss"]
[EventRounds "7"]
[EventCountry "ESP"]
[SourceTitle "EXT 2024"]
[Source "ChessBase"]
[SourceDate "2023.10.10"]
[SourceVersion "1"]
[SourceVersionDate "2023.10.10"]
[SourceQuality "1"]

1. c4 Nf6 2. Nf3 g6 3. g3 Bg7 4. Bg2 0-0 5. 0-0 e6 6. Nc3 d6 7. d4 Nbd7 8. h3 e5 9. e4 h6 10. Be3 Kh7 11. Qd2 Qe7 12. Nh2 exd4 13. Bxd4 Ne5 14. b3 c5 15. Be3 Nc6 16. Rad1 Rd8 17. Rfe1 Qc7 18. f4 Qa5 19. Nb5 Qxd2 20. Rxd2 Ne8 21. Red1 Bf8 22. Bxc5 Bxh3 23. Nxd6 Bxg2 24. Kxg2 Nxd6 25. Bxd6 Bxd6 26. Rxd6 Rxd6 27. Rxd6 Rd8 28. Rxd8 Nxd8 29. Nf3 Nc6 30. Kf2 Kg7 31. Ke3 Kf8 32. Nd4 Nxd4 33. Kxd4 f6 34. c5 g5 35. fxg5 fxg5 36. g4 Kf7 37. b4 Kg6 38. b5 Kf6 39. e5+ Ke6 40. c6 bxc6 41. bxc6 Ke7 42. Kd5 h5 43. gxh5 g4 44. Ke4 1-0

[Event "Provincial-ch Gandia Primera"]
[Site "Valencia Gandia"]
[Date "2011.10.15"]
[Round "2.1"]
[White "Basilio Rodriguez, Jose Manuel"]
[Black "Tormo Bas, Gonzalo"]
[Result "1-0"]
[WhiteElo "1907"]
[BlackElo "1617"]
[PlyCount "77"]
[EventDate "2011.10.01"]
[EventType "swiss"]
[EventRounds "7"]
[EventCountry "ESP"]
[SourceTitle "EXT 2024"]
[Source "ChessBase"]
[SourceDate "2023.10.10"]
[SourceVersion "1"]
[SourceVersionDate "2023.10.10"]
[SourceQuality "1"]

1. d4 Nf6 2. c4 g6 3. Nf3 Bg7 4. g3 0-0 5. Bg2 c6 6. 0-0 d6 7. Re1 Nbd7 8. e4 e5 9. d5 c5 10. Nc3 Re8 11. Nh4 a6 12. a4 Qe7 13. Bf1 Qf8 14. a5 Bh6 15. f4 exf4 16. gxf4 Qe7 17. Qf3 Qd8 18. Ng2 Nh5 19. Bd3 Qf6 20. Qf2 Bg7 21. Be3 Qd8 22. Qc2 Nhf6 23. Bf2 Ng4 24. Bg3 Bd4+ 25. Kh1 g5 26. Qe2 h5 27. h3 gxf4 28. Bxf4 Nf2+ 29. Kh2 Nxd3 30. Qxd3 Ne5 31. Qe2 Qf6 32. Qxh5 Nxc4 33. Rg1 Bxg1+ 34. Rxg1 Ne5 35. Nh4+ Ng6 36. Nxg6 Qd4 37. Nh4+ Kf8 38. Qh6+ Ke7 39. Qxd6# 1-0